| 000 | 00791cam a2200289Ma 4500 | ||
|---|---|---|---|
| 999 |
_c3558 _d3558 |
||
| 001 | 642163628 | ||
| 003 | OCoLC | ||
| 005 | 20181115095330.0 | ||
| 008 | 900612s1963 nyu 001 0 eng d | ||
| 020 | _a0916441822 | ||
| 020 | _a9780916441821 | ||
| 020 | _a1557480540 | ||
| 020 | _a9781557480545 | ||
| 035 | _a(OCoLC)642163628 | ||
| 040 |
_aFCX _cFCX _dBGCBL |
||
| 050 | 1 | 0 |
_aBV4811 _b.C455 1995 |
| 082 |
_a242.2 _bC4441M |
||
| 092 |
_a242.2 _bC4452m |
||
| 100 | 1 |
_aChambers, Oswald, _d1874-1917. |
|
| 245 | 1 | 0 |
_aMy utmost for His highest :Selections for the year/ _cOswald Chambers. |
| 250 | _a[Classic ed.] | ||
| 260 |
_aWestwood, N.J. : _bBarbour, _cc1963. |
||
| 300 |
_a375 p. ; _c18 cm. |
||
| 500 | _aIncludes indexes. | ||
| 650 | 0 | _aDevotional calendars. | |
| 942 |
_2ddc _cBK |
||